000 00184nam a2200109Ia 4500
100 _a#N/A
942 _cBK
245 _aEDU TECH
260 _b#N/A
546 _aENGLISH
999 _c22672
_d22672